Statistics for FIFA 17 Top 10 English Goalkeepers

Click here to take the quiz!

General Stats

  • This quiz has been taken 145 times
  • The average score is 5 of 10

Answer Stats

RankPlayerOVA% Correct
1Joe Hart84
96%
2Jack Butland82
81%
4Fraser Forster78
75%
3Ben Foster80
69%
10Jordan Pickford74
59%
5Tom Heaton76
51%
8Rob Green74
37%
9John Ruddy74
22%
6Alex McCarthy76
18%
7Luke Steele75
9%

Score Distribution

Percentile by Number Answered

Percent of People with Each Score

Your Score History

You have not taken this quiz